Normal view
MARC view
- LOCAL AREA NETWORKS WIDE AREA NETWORKS NETWORKING WITH LOCAL AND WIDE AREA NETWORKS
Entry Topical Term
001 - CONTROL NUMBER
- control field: 80095
003 - CONTROL NUMBER IDENTIFIER
- control field: NUST
005 - DATE AND TIME OF LATEST TRANSACTION
- control field: 20210628210606.0
008 - FIXED-LENGTH DATA ELEMENTS
- fixed length control field: 210628|| aca||aabn | a|a d
040 ## - CATALOGING SOURCE
- Original cataloging agency: NUST
- Transcribing agency: NUST
150 ## - HEADING--TOPICAL TERM
- Topical term or geographic name entry element: LOCAL AREA NETWORKS WIDE AREA NETWORKS NETWORKING WITH LOCAL AND WIDE AREA NETWORKS
670 ## - SOURCE DATA FOUND
- Source citation: Work cat.: (NUST): Microsoft Press Stuple, Stuart.J 80094, Networking essentials hands on self paced training for supporting local and wide area networks, 1999
